000 00545nam a2200157 4500
001 121221
003 ES-MaACL
005 20230906191719.0
007 t|
008 070214s1925 sp r ||||1| spa d
100 1 _aPonte Escartín, Galo.
_993054
245 1 0 _aMemoria elevada al gobierno de S. M.
_b: en la solemne apertura de los tribunales el día 1 de septiembre de 1925 /
_cpor el fiscal del Tribunal Supremo Galo Ponte Escartín.
260 _aMadrid :
_bReus,
_c1925.
300 _aCVII, 181 p. ;
_c24 cm.
852 _aES-MaACL
_jF-5451
999 _c121221
_d121221